| 000 | 00535nam a2200205Ia 4500 | ||
|---|---|---|---|
| 008 | 220216s9999 xx 000 0 und d | ||
| 100 | _aShebin S M | ||
| 245 | 0 | _aAssessing agricultural drought in natural rubber plantations using MODIS Terra Satellite data. | |
| 260 |
_bRubber Science _c2014 |
||
| 300 | _a14-Aug | ||
| 650 | _aLand surface temperature | ||
| 650 | _aNDVI | ||
| 650 | _aTerra MODIS | ||
| 650 | _aVTCI | ||
| 700 | _aJacob J | ||
| 700 | _aJessy M D | ||
| 700 | _aMeti S | ||
| 700 | _aPradeep B | ||
| 942 | _cJS | ||
| 999 |
_c54524 _d54524 |
||